[Event "Stay Safe Play From Home 266"]
[Site "Emanuel Lasker Arena"]
[Date "2020.06.30"]
[Round "7"]
[White "Mepe_Nika"]
[Black "Buzaglo"]
[Result "1-0"]
[WhiteElo "2328"]
[BlackElo "1841"]
[Annotator "TA"]
[PlyCount "101"]
[EventDate "2020.06.30"]
[EventType "swiss (blitz)"]

{[%evp 9,100,14,27,17,22,19,14,11,25,20,19,19,34,20,22,18,31,41,30,34,42,27,53,13,37,32,69,64,67,74,103,80,79,54,81,72,168,98,185,195,207,202,189,192,188,141,475,459,474,408,2214,2014,2141,1954,29968,29969,29974,29974,29975,29977,29982,29983,29985,29986,29986,29983,29983,29984,29984,29983,29990,29990,29990,29991,29991,29989,29991,29989,29991,29992,29996,29996,29996,29997,29997,29996,29996,29997,29997,29997,29997,29998,29999]} 1. d4 e6 2. Bf4 d5 3. e3 Bd6 4. Bxd6 Qxd6 5. c4 dxc4 6. Nc3 {D00: 1 d4 d5: Unusual lines.} Nf6 7. Bxc4 c5 8. Nf3 {[#] The position is equal.} cxd4 $146 ({Predecessor:} 8... O-O 9. O-O Nc6 10. Nb5 Qe7 11. dxc5 Qxc5 12. Rc1 Rd8 13. Qe2 Qe7 14. Rcd1 a6 {0-1 (82) Thew,B (2123)-Robeille,J (1880) ICCF email 2018}) 9. Qxd4 Qxd4 10. Nxd4 O-O 11. Ke2 Nbd7 12. Rhd1 $36 {[%mdl 2048] White has the initiative.} Nb6 13. Bd3 Bd7 14. Rac1 Rac8 15. a3 Rfd8 16. f3 e5 17. Nf5 {[#] Hoping for Ne7+.} Bxf5 18. Bxf5 Rxd1 19. Rxd1 Re8 20. g4 g6 21. Bc2 Kf8 22. g5 Ng8 (22... Nfd7 $16 {was worth a try.}) 23. Be4 ({White should try} 23. Nb5 $18) 23... Re7 (23... Rb8 $16) 24. Rd8+ $18 Re8 25. Rxe8+ Kxe8 26. Bxb7 {[%mdl 4096] Endgame KBN-KNN} Kd7 27. Nd5 Nxd5 $4 {[%mdl 8192] [#] Loses the game.} (27... Nc4 $16 {is tougher.}) 28. Bxd5 $16 {KB-KN} Ke7 29. b4 f6 (29... h6 $142 30. h4 Kf8) 30. h4 $18 fxg5 31. hxg5 h6 32. Bxg8 {White mates.} hxg5 {KB-KP} 33. Bd5 Kd6 34. Be4 g4 35. fxg4 {KB-K3P} g5 36. a4 Kc7 37. b5 Kb6 38. Bc2 a6 39. Kd3 a5 40. Ke4 Kc7 41. Kxe5 {KB-KPP} Kd7 42. Kf5 Ke7 43. Kxg5 {KB-KP} Kf7 44. b6 Kg7 45. b7 Kf7 46. b8=Q Ke6 47. Qb5 Ke7 48. Qc6 Kd8 49. Qb7 Ke8 50. Kf6 {[%csl Gf6][%cal Rb7e7]} Kf8 51. Qc8# {Accuracy: White = 80%, Black = 48%.} 1-0

[Event "Stay Safe Play From Home 266"]
[Site "Emanuel Lasker Arena"]
[Date "2020.06.30"]
[Round "7"]
[White "Lamborghini"]
[Black "Haxhi Baha"]
[Result "0-1"]
[WhiteElo "2315"]
[BlackElo "2068"]
[Annotator "TA"]
[PlyCount "130"]
[EventDate "2020.06.30"]
[EventType "swiss (blitz)"]

{[%evp 9,130,-22,12,-26,-23,-35,0,0,0,-3,5,-55,13,14,32,25,141,36,41,39,47,37,47,29,29,27,29,25,33,29,55,57,170,163,158,147,137,152,704,132,782,152,152,137,162,26,152,112,444,434,433,387,907,884,871,829,992,975,913,897,12834,12834,29962,29964,29969,29971,29942,29937,29938,29939,12845,12834,12831,-12830,-1066,-12839,-12839,-12839,-12840,-12841,-12842,-12843,-12843,-12845,-12846,-29986,-29986,-29986,-29987,-29993,-29991,-29994,-12845,-12845,-12846,-29997,-12847,-12849,-12849,-29990,-29991,-29991,-29992,-29992,-12848,-29992,-29993,-29993,-29993,-29993,-12849,-12850,-12850,-12850,-27999,-12851,-29998,-29998,-29997,-29997,-29998,-29998,-29998]} 1. e4 e6 2. d4 d5 3. Nc3 Nf6 4. Bd3 c5 5. exd5 exd5 6. Nf3 {C01: French: Exchange Variation.} c4 7. Be2 Be7 8. Ne5 {The position is equal.} O-O 9. O-O Nc6 10. f4 ({Better is} 10. Bf3 $11) 10... Be6 ({Black should try} 10... Qb6 $15 11. Kh1 Bd6) 11. Be3 {[#]} Rc8 $146 ({Predecessor:} 11... Ne4 12. Nxe4 dxe4 13. Nxc4 f5 14. Ne5 Nb4 15. a3 Nd5 16. Qd2 Nxe3 17. Qxe3 Rc8 {0-1 (27) Kurzepa,B-Grela,K Leba 2009}) 12. a3 Nxe5 (12... Bd6 $11) 13. fxe5 ({White must play} 13. dxe5 $16 Ne4 14. f5 (14. Bxa7 Nxc3 15. bxc3 b6 $17) 14... Nxc3 15. bxc3) 13... Ne4 14. Nxe4 dxe4 15. c3 b5 16. Qd2 f6 17. exf6 Bxf6 18. Rf2 Qd7 19. Raf1 Bd5 20. Bg5 {[%cal Rg5f6]} Bxg5 (20... Be7 $14) 21. Rxf8+ $18 (21. Qxg5 $6 Rxf2 22. Rxf2 h6 $14) 21... Rxf8 22. Rxf8+ ({But not} 22. Qxg5 $6 Rxf1+ 23. Kxf1 Qf7+ 24. Ke1 h6 $14) 22... Kxf8 23. Qxg5 Qf7 $2 (23... Qd6 $16) 24. Bg4 $2 (24. Qd8+ $18 Qe8 25. Qxd5) 24... h6 $2 {[%mdl 8192]} (24... g6 $16) 25. Qf5 $2 (25. Qd8+ $18 {is the precise move to win.} Qe8 26. Qxd5) 25... Qxf5 $16 26. Bxf5 {[%mdl 4096] Endgame KB-KB} Ke7 {[#]} 27. Kf2 (27. Kf1 $1 $18) 27... Kf6 (27... e3+ $1 $11 {keeps the balance.} 28. Kxe3 Bxg2) 28. Bd7 g5 $2 {[%mdl 8192]} (28... e3+ $16 29. Kxe3 Bxg2 30. Bxb5 Bd5) 29. Bxb5 $18 a5 30. Ke3 g4 $2 (30... Ke7 31. Ba4 Ke6) 31. g3 Kg5 32. Bd7 h5 33. Be8 h4 34. Bd7 h3 35. Bc8 Kh5 36. Kf4 Bc6 37. Bxg4+ Kg6 38. Bxh3 Kf6 39. Bf5 e3 40. Bg4 Bd7 41. Bxd7 $4 {[%mdl 8192] KB-K3P} (41. Bh5 $18 Be8 42. Be2) 41... e2 $19 42. g4 e1=Q 43. g5+ Ke7 44. Bg4 Qd2+ {[%mdl 64] [#] Double Attack} 45. Kf5 Qxb2 46. h4 Qxc3 47. Kg6 Qxd4 48. Bf5 c3 49. h5 Qh8 50. h6 Kf8 (50... Qe8+ $142 51. Kh7 Qf7+ {[%mdl 64] Double Attack} 52. Kh8 Qxf5 53. a4 Kf7 54. g6+ Qxg6 55. h7 Qg7#) 51. Kh5 Qe5 52. Kg6 Kg8 (52... Qe8+ $142 53. Kh7 Qf7+ {[%mdl 64] Double Attack} 54. Kh8 Qg8#) 53. h7+ Kh8 54. Bc2 Qe6+ 55. Kh5 Qh3+ 56. Kg6 Qg2 (56... Qxh7+ $142 57. Kf6 Qxc2 58. a4 Qf2+ 59. Ke6 c2 60. Ke5 c1=Q 61. Ke6 Qc6+ {[%mdl 64] Double Attack} 62. Ke5 Qcc5+ 63. Ke6 Qff5#) 57. Kf6 Qxc2 58. g6 Qf2+ 59. Ke7 c2 (59... Qd4 $142 60. Ke6 c2 61. g7+ Qxg7 62. Kd5 c1=Q 63. Ke4 Qc4+ 64. Ke3 Qg1+ 65. Kf3 Qcg4#) 60. g7+ Kxg7 {( -> ...Qf7+)} 61. h8=Q+ Kxh8 62. Kd7 c1=Q 63. Ke8 {Black mates.} Qfd2 64. Kf7 Qce1 65. Kg6 Qdf2 {What a bad dream for White. Accuracy: White = 60%, Black = 40%.} 0-1

[Event "Stay Safe Play From Home 266"]
[Site "Emanuel Lasker Arena"]
[Date "2020.06.30"]
[Round "7"]
[White "Lazieri3"]
[Black "SoulofWolf"]
[Result "1/2-1/2"]
[WhiteElo "2068"]
[BlackElo "2221"]
[Annotator "TA"]
[PlyCount "150"]
[EventDate "2020.06.30"]
[EventType "swiss (blitz)"]

{[%evp 9,150,-10,-1,-13,1,-38,-13,-10,0,-6,4,4,9,3,4,5,23,-12,-10,-428,-207,-197,-193,-202,-20,-298,-22,-15,53,54,46,52,46,52,65,29,31,37,44,0,20,0,11,12,77,49,82,46,68,7,7,0,0,0,3,4,25,26,76,30,73,0,20,0,20,0,0,0,0,0,0,0,0,0,0,0,0,0,0,0,0,0,0,0,0,0,0,-93,0,0,0,0,0,0,0,0,0,2,7,7,4,4,7,7,7,7,7,7,7,7,7,7,29980,29981,29981,29982,29982,29983,29983,29984,29984,29985,29985,29986,29986,29987,29987,29988,29990,29988,29990,29990,29990,29990,29990,29991,29991,29991,29991,29992,29992,29992,29993]} 1. e4 c5 2. Nc3 e6 3. Nf3 Nc6 4. d3 a6 5. Bg5 Be7 6. Bxe7 {B40: Sicilian: 2...e6, Unusual lines.} Ngxe7 7. Be2 d5 {[#]} 8. exd5 $146 {The position is equal.} ({Predecessor:} 8. O-O d4 9. Nb1 b5 10. c3 Ng6 11. Nfd2 Nf4 12. Re1 Qg5 13. g3 Nxe2+ 14. Rxe2 Ne7 15. Nf3 Qh5 16. c4 Qxf3 17. Kf1 {0-1 (17) Tusa Bichicean,R (1001)-Amititeloaie,R (1004) Calimanesti Caciulata 2019}) 8... Nxd5 9. Nxd5 exd5 10. d4 b6 11. c3 O-O 12. O-O Bg4 13. Ne5 Bxe2 14. Nxc6 $4 {[%mdl 8192]} (14. Qxe2 $11 Re8 15. Rae1) 14... Bxd1 (14... Qe8 $142 15. Re1 Bxd1 16. Rxe8 Rfxe8 17. Rxd1 Rac8) 15. Nxd8 $19 Ba4 ({Inferior is} 15... Rfxd8 16. Raxd1 f6 17. f4 $11) 16. Nb7 c4 $2 (16... g6 $19 17. dxc5 Bc6) 17. Nd6 $2 {[%mdl 8192] [#]} (17. b3 $1 $11) 17... g6 $2 (17... Bc2 $1 $19 18. Rfe1 Rad8 19. Nxc4 dxc4) 18. b3 $1 $11 {[%cal Rb3a4]} Bc6 (18... cxb3 $11 19. axb3 Bxb3) 19. bxc4 $14 dxc4 20. Nxc4 Bb5 21. Nxb6 Rab8 22. c4 {Strongly threatening Rfb1.} (22. Rfb1 {is more complex.} Rxb6 23. a4 Rc8 24. Ra3 Rbc6 25. axb5 axb5 26. Rbb3) 22... Rxb6 23. cxb5 Rxb5 $11 {[%mdl 4096] Endgame KRR-KRR} 24. Rab1 Rd5 25. Rb4 Rfd8 26. Rd1 R8d6 (26... Rc8 $11) 27. h3 Kg7 28. Rd3 h5 29. Rf3 (29. Rc4 $14) 29... Rxd4 30. Rb7 Rf6 31. Rxf6 Kxf6 {KR-KR} 32. Rb6+ Kf5 33. Rxa6 Rd1+ 34. Kh2 Rd2 35. f3 ({Better is} 35. Kg3 $16) 35... h4 36. Ra7 Kf6 37. a4 g5 38. a5 Ra2 39. a6 Ra5 40. Ra8 Ra4 41. Kg1 Ra1+ 42. Kf2 Ra2+ 43. Kf1 Ra1+ 44. Kf2 Ra2+ 45. Kg1 Kf5 46. Kh2 f6 47. a7 Ra1 48. g4+ (48. f4 $11 {remains equal.} Kxf4 49. Rf8 Rxa7 50. Rxf6+ Ke5 51. Rf2) 48... hxg3+ (48... Kf4 $17 {And now ...Ra2+ would win.} 49. Rc8 Ra2+ 50. Kg1 Rxa7) 49. Kxg3 Rg1+ 50. Kf2 Ra1 51. Kg2 Ra2+ 52. Kg3 Ra3 53. h4 gxh4+ 54. Kxh4 Ra4+ 55. Kg3 Ra6 56. Kf2 Ra3 57. Ke2 $1 Ra2+ 58. Ke3 Ra6 59. Kd4 Ra4+ 60. Kc5 {Hoping for Kb6.} Ra5+ $2 {[%mdl 8192] [#]} (60... Ra6 $11) 61. Kb6 $1 {White mates.} Ra1 62. Rf8 Rb1+ 63. Kc7 Rc1+ 64. Kd7 Rd1+ 65. Ke7 Re1+ 66. Kf7 Ra1 67. a8=Q Rxa8 68. Rxa8 {KR-KP} Kg5 69. Ra5+ f5 70. Ke6 Kf4 71. Rxf5+ Ke3 72. f4 Kd4 73. Rf6 Ke4 74. f5 Kf3 75. Rf7 Kg4 {[%mdl 32768] What a bad dream for Black. Accuracy: White = 70%, Black = 69%. . An unexpected result.} 1/2-1/2

[Event "Stay Safe Play From Home 266"]
[Site "Emanuel Lasker Arena"]
[Date "2020.06.30"]
[Round "7"]
[White "Fischer_11"]
[Black "Klasman"]
[Result "1-0"]
[WhiteElo "1989"]
[BlackElo "1316"]
[Annotator "NA"]
[PlyCount "43"]
[EventDate "2020.06.30"]
[EventType "swiss (blitz)"]

1. e4 {[%emt 0:00:02]} f5 {[%emt 0:00:01]} 2. Nc3 {[%emt 0:00:02]} fxe4 {[%emt 0:00:02]} 3. Nxe4 {[%emt 0:00:00]} Nf6 {[%emt 0:00:01]} 4. Nxf6+ {[%emt 0:00:01]} exf6 {[%emt 0:00:01]} 5. Bc4 {[%emt 0:00:02]} d5 {[%emt 0:00:02]} 6. Bb3 {[%emt 0:00:02]} Bd6 {[%emt 0:00:03]} 7. d4 {[%emt 0:00:00]} c6 {[%emt 0:00:04]} 8. Nf3 {[%emt 0:00:01]} Bg4 {[%emt 0:00:02]} 9. O-O {[%emt 0:00:00]} O-O {[%emt 0:00:02]} 10. c3 {[%emt 0:00:01]} Qc7 {[%emt 0:00:02]} 11. h3 {[%emt 0:00:02]} Bh5 {[%emt 0:00:03]} 12. Bc2 {[%emt 0:00:01]} f5 {[%emt 0:00:04]} 13. Bg5 {[%emt 0:00:05]} h6 {[%emt 0:00:03]} 14. Be3 {[%emt 0:00:06]} g5 {[%emt 0:00:02]} 15. Qd3 {[%emt 0:00:12]} Nd7 {[%emt 0:00:05]} 16. Rfe1 {[%emt 0:00:02]} Nf6 {[%emt 0:00:02]} 17. Bxg5 {[%emt 0:00:05]} hxg5 {[%emt 0:00:06]} 18. Nxg5 {[%emt 0:00:00]} Ne4 {[%emt 0:00:04]} 19. Ne6 {[%emt 0:00:03]} Qf7 {[%emt 0:00:06]} 20. Nxf8 {[%emt 0:00:02]} Rxf8 {[%emt 0:00:01]} 21. Qe3 {[%emt 0:00:03]} Qg7 {[%emt 0:00:02]} 22. Bxe4 {[%emt 0:00:04] Time (Lag: Av=0.42s, max=0.7s)} 1-0

[Event "Stay Safe Play From Home 266"]
[Site "Emanuel Lasker Arena"]
[Date "2020.06.30"]
[Round "7"]
[White "The Next Contender"]
[Black "Patzeroglu"]
[Result "1-0"]
[WhiteElo "1921"]
[BlackElo "1905"]
[Annotator "TA"]
[PlyCount "71"]
[EventDate "2020.06.30"]
[EventType "swiss (blitz)"]

{[%evp 9,71,6,10,-7,0,0,0,0,0,-45,-60,-104,-100,-102,0,-113,-50,-46,-41,-48,-7,-37,0,0,0,-185,-96,-100,-100,-216,-193,-187,-117,-125,-66,-70,0,0,0,0,275,274,284,293,477,468,715,686,1552,1533,1471,1463,1365,1339,1322,1301,1196,1139,12837,12837,12837,12835,29987,29987]} 1. d4 e6 2. c4 Nf6 3. g3 Bb4+ 4. Bd2 a5 5. a3 Be7 6. Bg2 {E00: Catalan Bogo-Indian (3 g3 Bb4+).} O-O 7. e4 d5 8. e5 {[#] The position is equal.} Ne4 $146 ({Predecessor:} 8... Nfd7 9. c5 b6 10. cxb6 Nxb6 11. Ne2 c5 12. O-O Nc6 13. Qc2 Nxd4 14. Nxd4 cxd4 {0-1 (32) Cipra,L-Willim,M Bechhofen 1994}) 9. Bxe4 dxe4 10. Be3 {[#]} c5 $1 {[%mdl 512]} 11. d5 (11. dxc5 Nd7) 11... Nd7 (11... exd5 $17 {And now ...d4 would win.} 12. cxd5 Re8) 12. d6 (12. f4 $1 $11 {was the only way to keep the balance.}) 12... Nxe5 (12... Bg5 $17 {Strongly threatening ...Bxe3.} 13. Bf4 f6) 13. dxe7 $15 Qxe7 14. Nc3 Rd8 {[%mdl 1024] Black has compensation.} 15. Qe2 (15. Qh5 {is interesting.} Nd3+ 16. Kf1 b6 17. Rb1 Ba6 18. b3) 15... Nd3+ 16. Kf1 f5 17. Bf4 $2 (17. f3 $11 {and White is okay.}) 17... Bd7 (17... e5 $19 18. Be3 Be6) 18. Nh3 {Threatens to win with Bg5.} h6 19. Kg2 (19. f3 $17 {is a better defense.}) 19... Bc6 20. Rhd1 g5 (20... e5 $19 21. Bc1 Qf7) 21. Bc1 $17 Rd4 ({Weaker is} 21... g4 22. Nf4 $16) (21... Qf6 $17 22. Rb1 b6) 22. Be3 $15 Rad8 (22... Rd6 $15) 23. Bxd4 $11 cxd4 24. Nb5 Nxf2 $2 {[%mdl 8192]} (24... e5 $11) 25. Nxf2 $18 e3+ 26. Kg1 exf2+ $2 (26... e5 {was necessary.} 27. Nd3 f4) 27. Qxf2 Qd7 (27... d3 $142 28. Rd2 Qd7) 28. Nxd4 e5 29. Nxc6 Qxd1+ 30. Rxd1 Rxd1+ 31. Kg2 bxc6 32. Qxf5 Rd2+ 33. Kh3 Rxb2 34. Qe6+ Kf8 35. Qf6+ Ke8 36. Qxe5+ {[%mdl 64] Double Attack. Accuracy: White = 70%, Black = 31%.} 1-0

[Event "Stay Safe Play From Home 266"]
[Site "Emanuel Lasker Arena"]
[Date "2020.06.30"]
[Round "8"]
[White "Mepe_Nika"]
[Black "Kubas"]
[Result "0-1"]
[WhiteElo "2330"]
[BlackElo "2409"]
[Annotator "TA"]
[PlyCount "74"]
[EventDate "2020.06.30"]
[EventType "swiss (blitz)"]

{[%evp 9,73,-2,22,27,25,-8,-10,-70,12,-36,-7,-65,-5,0,0,0,0,-29,48,47,48,47,58,47,62,68,60,0,86,79,77,66,98,-14,636,52,763,739,726,727,782,779,772,780,728,704,745,731,652,496,496,487,473,481,471,470,429,357,457,345,318,323,705,685,644,-29999]} 1. d4 e6 2. Bf4 c5 3. e3 Nc6 4. c3 d5 5. Nd2 Bd6 (5... Be7 {seems wilder.} 6. h3 Nf6 7. Bd3 O-O 8. Ngf3 c4) 6. Bxd6 {A40: Unusual replies to 1 d4.} Qxd6 7. f4 Nf6 8. Ngf3 ({White should play} 8. Bd3 $11) 8... O-O {[#]} (8... Ng4 $15 9. Qe2 cxd4 10. Nxd4 e5 11. Nxc6 bxc6) 9. Bb5 $146 ({Predecessor:} 9. Ne5 cxd4 10. exd4 Ne7 11. Bd3 g6 12. O-O Ne8 13. Qf3 f6 14. Ng4 Nf5 15. Ne3 {½-½ (103) Dreher,D (1888)-Neuschmied,S (2268) Playchess.com INT 2020}) 9... Ne7 10. O-O (10. dxc5 $11 Qxc5 11. Qe2) 10... b6 (10... Qb6 $15 11. Qb3 c4) 11. Bd3 $11 Bb7 12. Ne5 Qc7 13. Rf3 Nf5 ({Better is} 13... h6 $11) 14. g4 $14 Nd6 15. Rh3 {Strongly threatening dxc5.} Nfe4 16. g5 {aiming for Qh5.} g6 17. Bxe4 dxe4 18. Qe1 (18. dxc5 $14 bxc5 19. Qa4) 18... f5 (18... cxd4 $11 19. cxd4 h5) 19. gxf6 $16 Rxf6 20. Qh4 $40 {[%mdl 128] White mounts an attack.} Raf8 21. Kh1 (21. dxc5 $16 Nf5 22. cxb6 axb6 23. Qg4) 21... Rf5 $2 {[%mdl 8192] [#]} (21... Nf5 $11 22. Qg5 cxd4 23. cxd4 Nxd4 $1 {[%mdl 512]} 24. exd4 e3+ 25. Ndf3 Rxf4 26. Nxg6 {[%mdl 64] Double Attack} (26. Qg2 Qg7 $11) 26... Bxf3+ 27. Rxf3 Rxf3 28. Ne5+ Kh8 29. Nxf3 Rxf3) 22. Rg1 $2 ({White should try} 22. Nxg6 $1 $18 {[%mdl 512]} R5f7 (22... hxg6 23. Qh8+) 23. Nxf8 Kxf8 24. dxc5) 22... Rxe5 $4 {[%mdl 8192]} (22... Qg7 $14) 23. dxe5 {White wants to mate with Rxg6+!} Nf5 {[#]} 24. Rxg6+ $1 {[%mdl 512]} hxg6 25. Qh8+ Kf7 26. Rh7+ {[%mdl 64] Skewer} Ke8 {[#]} 27. Qxf8+ $1 {[%mdl 512]} Kxf8 28. Rxc7 $18 {[%mdl 4096] Endgame KRN-KBN} Ba6 29. Rxa7 Bd3 30. Kg1 Nxe3 31. a4 Nd5 32. a5 bxa5 33. Rxa5 Nxf4 34. Rxc5 e3 35. Nf3 e2 $2 (35... Be2) 36. Ne1 Be4 {[%cal Rf4h3]} 37. Rc4 $4 {[%mdl 8192]} (37. Kf2 $18) 37... Nh3# {What a bad dream for White. Accuracy: White = 54%, Black = 44%.} 0-1

[Event "Stay Safe Play From Home 266"]
[Site "Emanuel Lasker Arena"]
[Date "2020.06.30"]
[Round "8"]
[White "Lamborghini"]
[Black "Fischer_11"]
[Result "1-0"]
[WhiteElo "2288"]
[BlackElo "1990"]
[Annotator "NA"]
[PlyCount "93"]
[EventDate "2020.06.30"]
[EventType "swiss (blitz)"]

1. e4 {[%emt 0:00:02]} Nf6 {[%emt 0:00:01]} 2. e5 {[%emt 0:00:01]} Nd5 {[%emt 0:00:01]} 3. d4 {[%emt 0:00:01]} d6 {[%emt 0:00:01]} 4. Nf3 {[%emt 0:00:01]} dxe5 {[%emt 0:00:01]} 5. Nxe5 {[%emt 0:00:01]} Nd7 {[%emt 0:00:01]} 6. Nxf7 {[%emt 0:00:01]} Kxf7 {[%emt 0:00:01]} 7. Qh5+ {[%emt 0:00:00]} Ke6 {[%emt 0:00:00]} 8. c4 {[%emt 0:00:01]} N5f6 {[%emt 0:00:02]} 9. d5+ {[%emt 0:00:00]} Kd6 {[%emt 0:00:01]} 10. Qf7 {[%emt 0:00:00]} Ne5 {[%emt 0:00:02]} 11. Bf4 {[%emt 0:00:01]} c5 {[%emt 0:00:01]} 12. Nc3 {[%emt 0:00:01]} a6 {[%emt 0:00:01]} 13. b4 {[%emt 0:00:02]} Qb6 {[%emt 0:00:01]} 14. Rc1 {[%emt 0:00:01]} g5 {[%emt 0:00:04]} 15. Bg3 {[%emt 0:00:01]} h5 {[%emt 0:00:01]} 16. Bd3 {[%emt 0:00:01]} h4 {[%emt 0:00:02]} 17. Bxe5+ {[%emt 0:00:01]} Kxe5 {[%emt 0:00:00]} 18. O-O {[%emt 0:00:01]} Kd6 {[%emt 0:00:03]} 19. bxc5+ {[%emt 0:00:02]} Qxc5 {[%emt 0:00:02]} 20. Qxf6+ {[%emt 0:00:03]} exf6 {[%emt 0:00:01]} 21. Ne4+ {[%emt 0:00:01]} Kc7 {[%emt 0:00:01]} 22. Nxc5 {[%emt 0:00:01]} Bxc5 {[%emt 0:00:00]} 23. Rfe1 {[%emt 0:00:01]} Bd7 {[%emt 0:00:01]} 24. Bg6 {[%emt 0:00:01]} Be8 {[%emt 0:00:02]} 25. Bf5 {[%emt 0:00:01]} Bf7 {[%emt 0:00:04]} 26. g4 {[%emt 0:00:00]} Rhe8 {[%emt 0:00:02]} 27. Rxe8 {[%emt 0:00:03]} Rxe8 {[%emt 0:00:01]} 28. Kf1 {[%emt 0:00:00]} Re5 {[%emt 0:00:03]} 29. Rc2 {[%emt 0:00:01]} b6 {[%emt 0:00:01]} 30. a4 {[%emt 0:00:01]} a5 {[%emt 0:00:01]} 31. h3 {[%emt 0:00:01]} Be8 {[%emt 0:00:02]} 32. Rc3 {[%emt 0:00:01]} Bd7 {[%emt 0:00:01]} 33. Bc2 {[%emt 0:00:02]} Bd4 {[%emt 0:00:04]} 34. Rf3 {[%emt 0:00:01]} Re7 {[%emt 0:00:02]} 35. Bf5 {[%emt 0:00:01]} Bxf5 {[%emt 0:00:02]} 36. Rxf5 {[%emt 0:00:01]} Kd6 {[%emt 0:00:01]} 37. Rf3 {[%emt 0:00:01]} Kc5 {[%emt 0:00:00]} 38. d6 {[%emt 0:00:02]} Kxc4 {[%emt 0:00:00]} 39. dxe7 {[%emt 0:00:01]} Bc5 {[%emt 0:00:01]} 40. e8=Q {[%emt 0:00:01]} Be7 {[%emt 0:00:00]} 41. Qxe7 {[%emt 0:00:01]} b5 {[%emt 0:00:02]} 42. Qe6+ {[%emt 0:00:00]} Kb4 {[%emt 0:00:01]} 43. Qd6+ {[%emt 0:00:02]} Kxa4 {[%emt 0:00:00]} 44. Rxf6 {[%emt 0:00:01]} b4 {[%emt 0:00:00]} 45. Qc6+ {[%emt 0:00:01]} Kb3 {[%emt 0:00:00]} 46. Qc1 {[%emt 0:00:00]} a4 {[%emt 0:00:00]} 47. Rf3+ {[%emt 0:00:00] Zeit (Lag: Av=0.30s, max=0.8s)} 1-0